000 00459nam a22001457a 4500
005 20251124144915.0
008 251124b |||||||| |||| 00| 0 eng d
020 _a978-81-7733-848-5
100 _aRATTAN, JYOTI
245 _aBHARAT'S CYBER LAWS & INFORMATION TECHNOLOGY
260 _aNEW DELHI
_bBHARAT LAW HOUSE PVT. LTD
_c2012
300 _a610P.
650 _aI. INTERNET-LAW AND LEGISLATION. II. COMPUTER CRIMES-LAW AND LEGISLATION
942 _2lcc
_cBK
999 _c216263
_d216263